| 000 | 01191cam a2200325 i 4500 | ||
|---|---|---|---|
| 001 | 43540 | ||
| 003 | Mx-PuUPA | ||
| 005 | 20260106094732.0 | ||
| 008 | 140415s1992 sp gr 000 0dspa d | ||
| 017 | _aB. 29.288-1992 | ||
| 020 | _a8432993379 | ||
| 040 |
_aMx-PuUPA _bspa _cMx-PuUPA _dMx-PuUPA _erda |
||
| 041 | 0 | _aspa | |
| 100 | 1 |
_aFullat, Octavi, _eautor |
|
| 245 | 1 | 0 |
_aFinal de viaje / _cOctavi Fullat |
| 250 |
_a1a edición / _bseptiembre |
||
| 264 | 1 |
_aBarcelona, España : _bEdiciones CEAC, _c1992 |
|
| 300 |
_a204 páginas ; _c21 cm |
||
| 336 |
_2rdacontent _atexto _btxt |
||
| 337 |
_2rdamedia _asin medio _bn |
||
| 338 |
_2rdacarrier _avolumen _bnc |
||
| 490 | 0 |
_aColección Educación y Enseñanza ; _vv.3 |
|
| 490 | 0 | _aMonográfica | |
| 500 | _a"Octavi Fullat, en este tercer volumen de su trilogía en torno al ser humano - los otros dos fueron Eulalia, la-del-buen-hablar y Viaje inacabado-". -- Contra portada | ||
| 650 | 7 |
_2armarc _aAntropología Filosófica _xHumanismo |
|
| 650 | 7 |
_2armarc _aExistencialismo y Vitalismo _xMuerte _xDestino _xRealización personal |
|
| 942 |
_2ddc _cLI _h196.1 _iF62 |
||
| 999 |
_c43540 _d43540 |
||